Feuillets d'automne : precedes de quelques ecrits

Saved in:
Bibliographic Details
Main Author: Gide, Andre 1869-1951
Format: Book
Language:French
Published: [Paris] : Mercure de France, 1949
Series:Collection Folio
Subjects:
Tags: Add Tag
No Tags, Be the first to tag this record!

MARC

LEADER 00000nam a2200000 i 4500
001 1/21273
008 970707s1949 fre d
035 |a 1995  |b 3  |c Ξανθάκη  |l 10036258 
040 |a GR-MY-UA  |b gre  |e aacr 
041 0 |a fre 
082 0 |a 844 
100 1 |a Gide, Andre  |d 1869-1951. 
245 1 0 |a Feuillets d'automne :  |b precedes de quelques ecrits /  |c Andre Gide 
260 |a [Paris] :   |b Mercure de France,   |c 1949 
300 |a 273 p. 
490 1 |a Collection Folio  |v ; 1245 
650 0 0 |a French essays. 
830 0 |a Collection Folio 
852 |a INST  |b RHODES  |e 19970707  |h 844 GID  |p 005400011456  |q 005400011456  |t BK  |y 0 
909 |a Ρ  |b 046475  |c 1995 
970 |z 2000/08/ΔΕΜΕΝΑΓΑΣ ΠΕΤΡΟΣ